01000nam a2200277 i 450000100060000000300090000600500170001500700030003200800410003524500720007625000150014826000620016330000220022549000240024750500860027170000260035770000250038370000260040874000350043474000250046974000260049483000320052085200320055299900170058495201210060157705ES-MaACL20230906163627.0t|031017s1944 sp ||||1| spa d00aDos joyas del teatro asiático / c[traducciones de Alfredo Cahn]. a[2ª ed.]. aMadrid : bEspasa-Calpe, c[1944] (fGerónimo J. Pesce) a152 p. ; c18 cm.1 aColección austral8 aContiene: La ira de caúsica / Kschemisvara. El círculo de tiza / Li Hsing-Tao1 aCahn, Alfredo.9334461 aKschemisvara.9689301 aLi, Hsing-Tao.9721430 a2 joyas del teatro asiático.3 aLa ira de caúsica.3 aEl círculo de tiza.0 aColección austral9177655 aES-MaACLjC-11481 bR.37867 c57705d57705 00104070aATENEOMbATENEOMcSPALd2008-01-17eSCl0oC-11481p1060573r2023-02-23 00:00:00w2023-02-23yMONOGRAFIA